Biggest cities on Funen with a map - Statistics

General Stats
  • This quiz has been taken 14 times
  • The average score is 11 of 15
Answers on the Map
Answers color-coded by a green-red scale on the quiz's map according to % correct below.
 
Answer Stats
Population Answer % Correct
~6,000 Assens
100%
~6,800 Faaborg
100%
~16,800 Middelfart
100%
~185,500 Odense
100%
~4,100 Bogense
80%
~6,100 Kerteminde
80%
~18,000 Nyborg
80%
~27,600 Svendborg
80%
~4,500 Årslev
60%
~5,900 Bellinge
60%
~4,500 Langeskov
60%
~5,300 Otterup
60%
~6,800 Ringe
60%
~5,300 Strib
60%
~3,300 Søndersø
40%
No matching quizzes found
Score Distribution
Percent of People with Each Score
Percentile by Number Answered
Your Score History
You have not taken this quiz